Del cielo y de la tierra
Bewaard in:
| Hoofdauteur: | |
|---|---|
| Formaat: | Boek |
| Taal: | Undetermined |
| Gepubliceerd in: |
Buenos Aires, Argentina
Atlantida, S.A.
1946
|
| Onderwerpen: | |
| Tags: |
Voeg label toe
Geen labels, Wees de eerste die dit record labelt!
|
MARC
| LEADER | 00000nam a2200000Ia 4500 | ||
|---|---|---|---|
| 008 | 170316s9999 xx 000 0 und d | ||
| 040 | |a cru BVZT | ||
| 090 | |a 860 G-19d | ||
| 100 | |a Gil, Martín |9 987 | ||
| 245 | |a Del cielo y de la tierra |c / Martín Gil | ||
| 260 | |a Buenos Aires, Argentina |b Atlantida, S.A. |c 1946 | ||
| 300 | |a 396 páginas | ||
| 650 | |a LITERATURA LATINOAMERICANA |9 15 | ||
| 999 | |c 8285 |d 8285 | ||
| 942 | |c 15 D |h 860 G-19d |2 z | ||
